[Event "CEDIS Festival saha 2026 - 3. turnir"]
[Site "Podgorica"]
[Date "2026.05.17"]
[Round "4.13"]
[White "Mitrovic, Danilo"]
[Black "Markovic, Matija D"]
[Result "0-1"]
[WhiteElo "1590"]
[BlackElo "1633"]
[WhiteFideId "-1"]
[BlackFideId "-1"]
[PlyCount "112"]
[GameId "2310808796124295"]
[EventDate "2026.05.15"]
[EventType "swiss"]
[EventRounds "5"]
[EventCountry "MNE"]
[SourceVersionDate "2026.05.16"]

1. e4 c5 2. c3 d5 3. exd5 Qxd5 4. d4 e6 5. Be3 Nf6 6. Nf3 cxd4 7. Qxd4 Bd6 8. Nbd2 Nc6 9. Qh4 Bd7 10. Bc4 Qa5 11. O-O O-O 12. Rfd1 Rac8 13. Bb3 Rfd8 14. Ne4 Nxe4 15. Qxe4 Be7 16. Rd2 b6 17. Rad1 Nb8 18. Qb7 Kf8 19. Rxd7 Nxd7 20. Rxd7 Rxd7 21. Qxc8+ Rd8 22. Qc4 Qf5 23. h3 Qb1+ 24. Kh2 Qxb2 25. Bg5 Bd6+ 26. Bf4 Qxf2 27. Bxd6+ Rxd6 28. Qc8+ Ke7 29. Qb7+ Rd7 30. Qe4 Rc7 31. Qxh7 Rxc3 32. Qe4 a5 33. Qg4 b5 34. Qg5+ Kd6 35. Qe5+ Kd7 36. Qxc3 a4 37. Qd3+ Ke7 38. Bc2 Qc5 39. Qe4 Qc7+ 40. g3 Qc5 41. Qe2 Qa3 42. Nd4 Qxa2 43. Qxb5 a3 44. Qb3 Qa1 45. Nc6+ Kd6 46. Nb4 Qe1 47. Qd3+ Ke7 48. h4 Qxb4 49. Qb3 Qd2+ 50. Kh3 Qc1 51. Qb4+ Kf6 52. Qc3+ Ke7 53. Qc7+ Kf6 54. Qd8+ Ke5 55. Qg5+ Qxg5 56. hxg5 a2 0-1

[Event "CEDIS Festival saha 2026 - 3. turnir"]
[Site "Podgorica"]
[Date "2026.05.17"]
[Round "4.14"]
[White "Markovic, Janko"]
[Black "Vukovic, Stefan"]
[Result "1-0"]
[WhiteElo "1601"]
[BlackElo "1488"]
[WhiteFideId "-1"]
[BlackFideId "-1"]
[PlyCount "63"]
[GameId "2310811188295028"]
[EventDate "2026.05.15"]
[EventType "swiss"]
[EventRounds "5"]
[EventCountry "MNE"]
[SourceVersionDate "2026.05.16"]

1. e4 g6 2. d4 Bg7 3. c4 d6 4. Nf3 Bg4 5. Be2 Nf6 6. Nc3 a6 7. h3 Bxf3 8. Bxf3 Nfd7 9. Be3 e5 10. d5 Nb6 11. Be2 c5 12. a3 a5 13. Nb5 O-O 14. Qd2 f5 15. exf5 Rxf5 16. Bg4 Rf8 17. Be6+ Kh8 18. Bg5 Bf6 19. Bxf6+ Rxf6 20. Qg5 Na6 21. h4 Nxc4 22. b3 Nb6 23. Nxd6 Qe7 24. Ne4 Kg7 25. Nxf6 Qxf6 26. Qxf6+ Kxf6 27. Rf1 Nc7 28. Rd1 Nxe6 29. dxe6 Kxe6 30. f4 a4 31. fxe5 Kxe5 32. Rb1 1-0

[Event "CEDIS Festival saha 2026 - 3. turnir"]
[Site "Podgorica"]
[Date "2026.05.17"]
[Round "5.2"]
[White "Rasovic, Uros"]
[Black "Sijaric, Alvir"]
[Result "1-0"]
[WhiteElo "2171"]
[BlackElo "1964"]
[WhiteFideId "-1"]
[BlackFideId "-1"]
[PlyCount "91"]
[GameId "2310859103434771"]
[EventDate "2026.05.15"]
[EventType "swiss"]
[EventRounds "5"]
[EventCountry "MNE"]
[SourceVersionDate "2026.05.16"]

1. e4 c6 2. Nc3 d5 3. Nf3 Bg4 4. h3 Bxf3 5. Qxf3 e6 6. g3 Nd7 7. d3 Bb4 8. Bd2 d4 9. Nb1 Bxd2+ 10. Nxd2 Ngf6 11. Bg2 O-O 12. O-O e5 13. Qe2 g6 14. f4 Nh5 15. Qg4 Qe7 16. Rf2 Ng7 17. f5 h5 18. Qf3 Qg5 19. h4 Qe3 20. Bh3 Nf6 21. Nc4 Qxf3 22. Rxf3 Rae8 23. Raf1 Nh7 24. f6 Ne6 25. Nxe5 Neg5 26. Nd7 Nxf3+ 27. Rxf3 Rd8 28. Nxf8 Nxf8 29. Rf4 Re8 30. Kg2 Re5 31. g4 Ne6 32. Rf2 hxg4 33. Bxg4 Nc5 34. Kg3 Na4 35. h5 gxh5 36. Bf5 Nxb2 37. Kf4 Ra5 38. e5 Nd1 39. Rg2+ Kf8 40. Bh7 Ke8 41. Rg8+ Kd7 42. Rg7 Ne3 43. Rxf7+ Ke8 44. Rxb7 Ng4 45. Bg6+ Kd8 46. f7 1-0

[Event "CEDIS Festival saha 2026 - 3. turnir"]
[Site "Podgorica"]
[Date "2026.05.17"]
[Round "5.3"]
[White "Vesovic, Nebojsa"]
[Black "Jeknic, Velimir"]
[Result "1-0"]
[WhiteElo "1789"]
[BlackElo "1864"]
[WhiteFideId "-1"]
[BlackFideId "-1"]
[PlyCount "93"]
[GameId "2310860205054058"]
[EventDate "2026.05.15"]
[EventType "swiss"]
[EventRounds "5"]
[EventCountry "MNE"]
[SourceVersionDate "2026.05.16"]

1. Nf3 Nf6 2. c4 g6 3. Nc3 Bg7 4. d4 O-O 5. e4 d6 6. h3 Nc6 7. Be3 e5 8. d5 Ne7 9. g4 Ne8 10. Qd2 f5 11. gxf5 gxf5 12. Bh6 fxe4 13. Bxg7 Nxg7 14. Ng5 e3 15. fxe3 Ng6 16. Rg1 h6 17. Ne6 Qh4+ 18. Kd1 Bxe6 19. dxe6 Ne7 20. Qg2 Qg5 21. Qxg5 hxg5 22. Nd5 Ng6 23. Bd3 e4 24. Bxe4 Ne5 25. e7 Rf2 26. Ke1 Rxb2 27. Nxc7 Rc8 28. Bd5+ Kh7 29. Rxg5 Nd3+ 30. Kf1 Kh6 31. Rxg7 Kxg7 32. e8=Q Rxe8 33. Nxe8+ Kh6 34. Nxd6 Rf2+ 35. Kg1 Rc2 36. e4 Nf4 37. Nxb7 Nxh3+ 38. Kf1 Rf2+ 39. Ke1 Rg2 40. Rd1 Rxa2 41. c5 Rc2 42. c6 Nf4 43. Rd2 Rc3 44. Nd6 a5 45. Nb5 Rc5 46. c7 a4 47. Bb7 1-0

[Event "CEDIS Festival saha 2026 - 3. turnir"]
[Site "Podgorica"]
[Date "2026.05.17"]
[Round "5.4"]
[White "Abramovic, Dragoljub"]
[Black "Vujadinovic, Zeljko"]
[Result "1-0"]
[WhiteElo "2056"]
[BlackElo "1807"]
[WhiteFideId "-1"]
[BlackFideId "-1"]
[PlyCount "89"]
[GameId "2310861429094672"]
[EventDate "2026.05.15"]
[EventType "swiss"]
[EventRounds "5"]
[EventCountry "MNE"]
[SourceVersionDate "2026.05.16"]

1. b3 d5 2. Nf3 c6 3. Bb2 Bg4 4. Ne5 Bf5 5. g4 Bc8 6. h3 Nd7 7. e3 Nxe5 8. Bxe5 f6 9. Bb2 e5 10. d3 Be6 11. Nd2 Qd7 12. Bg2 Bb4 13. Qe2 Ne7 14. c3 Bd6 15. Nf3 O-O-O 16. O-O-O Qc7 17. Kb1 Rhe8 18. Rc1 Bf7 19. Nd2 Kb8 20. c4 Qa5 21. Bc3 Bb4 22. Bxb4 Qxb4 23. Kb2 e4 24. d4 dxc4 25. a3 Qb6 26. Nxc4 Bxc4 27. Qxc4 Nd5 28. Qc2 f5 29. gxf5 Nf6 30. Rhe1 Qb5 31. Qc5 Qxc5 32. Rxc5 Rd5 33. b4 Nd7 34. Rxd5 cxd5 35. f3 exf3 36. Bxf3 Nb6 37. Kb3 Kc7 38. e4 dxe4 39. Rxe4 Rxe4 40. Bxe4 Nd7 41. Kc4 Nf6 42. Bf3 h6 43. a4 a6 44. a5 b5+ 45. Kc5 1-0

[Event "CEDIS Festival saha 2026 - 3. turnir"]
[Site "Podgorica"]
[Date "2026.05.17"]
[Round "5.5"]
[White "Mitrovic, Miroslav"]
[Black "Baranin, Gojko"]
[Result "1-0"]
[WhiteElo "1997"]
[BlackElo "1781"]
[WhiteFideId "-1"]
[BlackFideId "-1"]
[PlyCount "109"]
[GameId "2310862648887630"]
[EventDate "2026.05.15"]
[EventType "swiss"]
[EventRounds "5"]
[EventCountry "MNE"]
[SourceVersionDate "2026.05.16"]

1. e4 e6 2. d4 d5 3. Nd2 Ne7 4. Ngf3 c5 5. exd5 Nxd5 6. Ne4 cxd4 7. Qxd4 Nc6 8. Qd1 Be7 9. c3 O-O 10. Bd3 f5 11. Ng3 Kh8 12. Bc2 e5 13. Bb3 Nf4 14. Qxd8 Rxd8 15. Bxf4 exf4 16. Ne2 g5 17. Nfd4 Nxd4 18. Nxd4 Bf6 19. O-O-O Bxd4 20. cxd4 Bd7 21. Rhe1 Re8 22. d5 Kg7 23. Kd2 Kf6 24. Kc3 Rac8+ 25. Kd4 h5 26. Rxe8 Bxe8 27. Rd2 Bd7 28. Rc2 Rxc2 29. Bxc2 g4 30. g3 fxg3 31. fxg3 Be8 32. Bd3 h4 33. gxh4 f4 34. Be4 f3 35. Bd3 a6 36. b3 Bd7 37. Ke4 Bf5+ 38. Ke3 Bd7 39. Kd4 Bc8 40. a4 Bd7 41. a5 Be8 42. Ke4 Bd7 43. Kf4 Bc8 44. h5 Bd7 45. h6 Bc8 46. Kg3 Bd7 47. h3 gxh3 48. Kxf3 Bc8 49. Kg3 Bd7 50. Be4 Kf7 51. Bd3 Kf6 52. Be4 Kf7 53. Bd3 Kf6 54. Bf1 Bf5 55. Bxh3 1-0

[Event "CEDIS Festival saha 2026 - 3. turnir"]
[Site "Podgorica"]
[Date "2026.05.17"]
[Round "5.6"]
[White "Pavlovic, David"]
[Black "Jankovic, Jovan"]
[Result "1/2-1/2"]
[WhiteElo "1806"]
[BlackElo "1848"]
[WhiteFideId "-1"]
[BlackFideId "-1"]
[PlyCount "94"]
[GameId "2310864888482322"]
[EventDate "2026.05.15"]
[EventType "swiss"]
[EventRounds "5"]
[EventCountry "MNE"]
[SourceVersionDate "2026.05.16"]

1. e4 e5 2. Nf3 Nf6 3. Nc3 Nc6 4. d4 exd4 5. Nxd4 Bb4 6. Nxc6 bxc6 7. Bd3 O-O 8. O-O h6 9. e5 Bxc3 10. bxc3 Nd5 11. c4 Nb4 12. Ba3 c5 13. Bxb4 cxb4 14. Qf3 Rb8 15. Qe4 g6 16. Qe3 Qg5 17. f4 Qg4 18. f5 Bb7 19. Rf2 Kg7 20. Raf1 d5 21. e6 dxc4 22. Qe5+ Kg8 23. fxg6 fxg6 24. Rxf8+ Rxf8 25. Rxf8+ Kxf8 26. Qf6+ Kg8 27. Qf7+ Kh8 28. Qf8+ Kh7 29. Qe7+ Kh8 30. Qd8+ Kg7 31. Qxc7+ Kf6 32. Qf7+ Kg5 33. Qxg6+ Kf4 34. Qxh6+ Ke5 35. Qh8+ Kd6 36. Qd8+ Kc5 37. Qa5+ Kd4 38. Qxa7+ Kc3 39. Qxb7 cxd3 40. cxd3 Qxe6 41. Qc7+ Kxd3 42. Qg3+ Kc2 43. Qf2+ Kb1 44. Qd2 Qc4 45. g3 Qc3 46. Qd1+ Kxa2 47. Qa4+ Kb2 1/2-1/2

[Event "CEDIS Festival saha 2026 - 3. turnir"]
[Site "Podgorica"]
[Date "2026.05.17"]
[Round "5.7"]
[White "Peric, Toman"]
[Black "Rabrenovic, Matija"]
[Result "0-1"]
[WhiteElo "1762"]
[BlackElo "1801"]
[WhiteFideId "-1"]
[BlackFideId "-1"]
[PlyCount "112"]
[GameId "2310866751179604"]
[EventDate "2026.05.15"]
[EventType "swiss"]
[EventRounds "5"]
[EventCountry "MNE"]
[SourceVersionDate "2026.05.16"]

1. e4 e5 2. Nf3 Nc6 3. d4 exd4 4. Nxd4 Nf6 5. Nc3 Bb4 6. Nxc6 bxc6 7. Bd3 d5 8. exd5 cxd5 9. O-O O-O 10. Bg5 c6 11. Re1 h6 12. Bh4 Ba5 13. Rb1 Rb8 14. Bg3 Bc7 15. Ne2 c5 16. c3 Re8 17. b4 c4 18. Bc2 Bxg3 19. Nxg3 Rxe1+ 20. Qxe1 Qd6 21. Rd1 Bg4 22. f3 Qb6+ 23. Qf2 Be6 24. Nf5 Bxf5 25. Bxf5 Re8 26. Qxb6 axb6 27. Kf2 g6 28. Bc2 b5 29. a4 bxa4 30. Bxa4 Ra8 31. Bc6 Ra3 32. Rc1 Kf8 33. b5 Rb3 34. Ke3 Ke7 35. Kd4 Kd6 36. Ra1 Rb2 37. Ra7 Rd2+ 38. Ke3 Rd3+ 39. Ke2 Rxc3 40. Rxf7 Ng8 41. Rd7+ Kc5 42. Rxd5+ Kb6 43. Rd6 Ne7 44. Kd2 Ra3 45. Re6 Nf5 46. Rxg6 Nd4 47. Be8+ Kc5 48. Ra6 Rd3+ 49. Kc1 Nb3+ 50. Kc2 Rd2+ 51. Kb1 Rd1+ 52. Kc2 Rc1+ 53. Kb2 Kb4 54. Ra4+ Kxa4 55. b6+ Kb4 56. Ka2 c3 0-1

[Event "CEDIS Festival saha 2026 - 3. turnir"]
[Site "Podgorica"]
[Date "2026.05.17"]
[Round "5.8"]
[White "Mitric, Nebojsa"]
[Black "Mihajlovic, Stefan"]
[Result "1-0"]
[WhiteElo "1857"]
[BlackElo "1575"]
[WhiteFideId "-1"]
[BlackFideId "-1"]
[PlyCount "71"]
[GameId "2310868118121483"]
[EventDate "2026.05.15"]
[EventType "swiss"]
[EventRounds "5"]
[EventCountry "MNE"]
[SourceVersionDate "2026.05.16"]

1. d4 Nf6 2. Nf3 e6 3. g3 c5 4. e3 d5 5. Bg2 Nc6 6. a3 Be7 7. O-O O-O 8. Nbd2 b6 9. Re1 Ba6 10. b3 Qc7 11. c4 Rad8 12. Bb2 Rfe8 13. Qc2 Rc8 14. dxc5 bxc5 15. Ng5 h6 16. Ngf3 Red8 17. Rac1 Qb6 18. cxd5 exd5 19. Bxf6 Bxf6 20. Qxc5 Qb7 21. Bh3 Rc7 22. Qc2 Re8 23. b4 Ree7 24. Qb1 Ne5 25. Nxe5 Bxe5 26. Rxc7 Rxc7 27. Rc1 d4 28. Bg2 Qb6 29. Rxc7 Qxc7 30. exd4 Bxd4 31. Qe4 Qc3 32. Qe8+ Kh7 33. Be4+ g6 34. Qxf7+ Kh8 35. Qxg6 Bxf2+ 36. Kg2 1-0

[Event "CEDIS Festival saha 2026 - 3. turnir"]
[Site "Podgorica"]
[Date "2026.05.17"]
[Round "5.9"]
[White "Markovic, Matija D"]
[Black "Altinok, Mehmet Akif"]
[Result "1-0"]
[WhiteElo "1633"]
[BlackElo "1550"]
[WhiteFideId "-1"]
[BlackFideId "-1"]
[PlyCount "59"]
[GameId "2310869004176499"]
[EventDate "2026.05.15"]
[EventType "swiss"]
[EventRounds "5"]
[EventCountry "MNE"]
[SourceVersionDate "2026.05.16"]

1. e4 c5 2. Nf3 g6 3. d4 cxd4 4. Nxd4 Nf6 5. Nc3 Nc6 6. Be3 Bg7 7. f3 a6 8. Qd2 O-O 9. O-O-O e6 10. g4 Qa5 11. g5 Nh5 12. Be2 Nxd4 13. Bxd4 Bxd4 14. Qxd4 Qxg5+ 15. Kb1 Qf6 16. e5 Qf4 17. Ne4 Kh8 18. Rdg1 f5 19. exf6 d5 20. Rg4 Qh6 21. Rh4 dxe4 22. Rg1 Rf7 23. fxe4 Qf8 24. Bxh5 gxh5 25. Rxh5 Bd7 26. Rhg5 Qh6 27. e5 Bc6 28. Qg4 Qf8 29. Rg7 Be8 30. Rg8+ 1-0

[Event "CEDIS Festival saha 2026 - 3. turnir"]
[Site "Podgorica"]
[Date "2026.05.17"]
[Round "5.10"]
[White "Cabarkapa, Jakov"]
[Black "Agic, Zejn"]
[Result "1/2-1/2"]
[WhiteElo "1537"]
[BlackElo "1623"]
[WhiteFideId "-1"]
[BlackFideId "-1"]
[PlyCount "48"]
[GameId "2310870506945888"]
[EventDate "2026.05.15"]
[EventType "swiss"]
[EventRounds "5"]
[EventCountry "MNE"]
[SourceVersionDate "2026.05.16"]

1. Nf3 Nf6 2. e3 Nc6 3. b3 e5 4. Bb2 d6 5. Be2 Bf5 6. d3 Be7 7. Nbd2 O-O 8. O-O e4 9. dxe4 Nxe4 10. Nxe4 Bxe4 11. Bd3 Bxd3 12. Qxd3 Bf6 13. Bxf6 Qxf6 14. Nd4 Nxd4 15. Qxd4 Qxd4 16. exd4 Rfe8 17. Rfe1 Kf8 18. c4 Re7 19. Rxe7 Kxe7 20. Re1+ Kd7 21. f4 a5 22. a3 a4 23. b4 b5 24. c5 d5 1/2-1/2

[Event "CEDIS Festival saha 2026 - 3. turnir"]
[Site "Podgorica"]
[Date "2026.05.17"]
[Round "5.11"]
[White "Lakusic, Zoran"]
[Black "Popovic, Nikola"]
[Result "0-1"]
[WhiteElo "1735"]
[BlackElo "1744"]
[WhiteFideId "-1"]
[BlackFideId "-1"]
[PlyCount "54"]
[GameId "2310871508450709"]
[EventDate "2026.05.15"]
[EventType "swiss"]
[EventRounds "5"]
[EventCountry "MNE"]
[SourceVersionDate "2026.05.16"]

1. Nf3 Nf6 2. c4 g6 3. Nc3 Bg7 4. e4 d6 5. d4 O-O 6. Be2 e5 7. d5 Nbd7 8. h4 Nc5 9. Bg5 a5 10. h5 Bg4 11. hxg6 fxg6 12. Nd2 Nd3+ 13. Kf1 Bxe2+ 14. Qxe2 Nxf2 15. Qxf2 Nxe4 16. Bxd8 Nxf2 17. Ke2 Nxh1 18. Bh4 g5 19. Rxh1 gxh4 20. Rxh4 Rf4 21. Rh3 Raf8 22. Nce4 Rg4 23. g3 Bf6 24. b3 Bg5 25. Nf2 Rxf2+ 26. Kxf2 Bxd2 27. Kf3 Rd4 0-1

[Event "CEDIS Festival saha 2026 - 3. turnir"]
[Site "Podgorica"]
[Date "2026.05.17"]
[Round "5.12"]
[White "Djukic, Katarina"]
[Black "Markovic, Janko"]
[Result "1-0"]
[WhiteElo "1787"]
[BlackElo "1601"]
[WhiteFideId "-1"]
[BlackFideId "-1"]
[PlyCount "71"]
[GameId "2310872286408171"]
[EventDate "2026.05.15"]
[EventType "swiss"]
[EventRounds "5"]
[EventCountry "MNE"]
[SourceVersionDate "2026.05.16"]

1. e4 c5 2. Nf3 d6 3. d4 cxd4 4. Nxd4 Nf6 5. Nc3 Nc6 6. Bg5 h6 7. Bxf6 gxf6 8. Qd2 e5 9. Nf5 Be6 10. O-O-O Bxf5 11. exf5 Rc8 12. Nb5 a6 13. Nxd6+ Bxd6 14. Qxd6 Qxd6 15. Rxd6 Nb4 16. c3 Nxa2+ 17. Kb1 Nxc3+ 18. bxc3 Rxc3 19. Rb6 O-O 20. Rxb7 Ra8 21. Be2 a5 22. Bh5 Rf8 23. Rc1 Rxc1+ 24. Kxc1 Rc8+ 25. Kd2 Rd8+ 26. Ke3 Rf8 27. Ra7 Kg7 28. Rxa5 Rb8 29. Ra7 Rf8 30. Rd7 Kg8 31. Bf3 Rb8 32. Bd5 Rf8 33. Kf3 Kg7 34. Kg4 Kg8 35. Kh5 Kg7 36. h4 1-0

[Event "CEDIS Festival saha 2026 - 3. turnir"]
[Site "Podgorica"]
[Date "2026.05.17"]
[Round "5.13"]
[White "Palkhouski, Hleb"]
[Black "Radonjic, Zoran"]
[Result "1-0"]
[WhiteElo "1680"]
[BlackElo "1492"]
[WhiteFideId "-1"]
[BlackFideId "-1"]
[PlyCount "33"]
[GameId "2310873296604802"]
[EventDate "2026.05.15"]
[EventType "swiss"]
[EventRounds "5"]
[EventCountry "MNE"]
[SourceVersionDate "2026.05.16"]

1. e4 e5 2. Nf3 Nc6 3. Bc4 f5 4. d4 fxe4 5. Nxe5 Nxe5 6. dxe5 Ne7 7. Nc3 Ng6 8. Nxe4 Be7 9. Qd5 Rf8 10. O-O d6 11. exd6 cxd6 12. Re1 Ne5 13. Bb5+ Bd7 14. Nxd6+ Bxd6 15. Qxd6 Bxb5 16. Rxe5+ Kf7 17. Qe6# 1-0

[Event "CEDIS Festival saha 2026 - 3. turnir"]
[Site "Podgorica"]
[Date "2026.05.17"]
[Round "5.15"]
[White "Vukovic, Stefan"]
[Black "Mitrovic, Danilo"]
[Result "0-1"]
[WhiteElo "1488"]
[BlackElo "1590"]
[WhiteFideId "-1"]
[BlackFideId "-1"]
[PlyCount "60"]
[GameId "2310875727966160"]
[EventDate "2026.05.15"]
[EventType "swiss"]
[EventRounds "5"]
[EventCountry "MNE"]
[SourceVersionDate "2026.05.16"]

1. e4 c6 2. Nf3 d5 3. Nc3 dxe4 4. Nxe4 Bg4 5. h3 Bxf3 6. Qxf3 e6 7. b3 Nf6 8. Bb2 Be7 9. Nxf6+ Bxf6 10. Bxf6 Qxf6 11. Qxf6 gxf6 12. O-O-O Nd7 13. d4 Nb6 14. g4 h5 15. f3 Nd5 16. Bg2 Nc3 17. Rde1 Nxa2+ 18. Kb2 Nb4 19. f4 hxg4 20. hxg4 Rxh1 21. Rxh1 Ke7 22. f5 Rd8 23. fxe6 fxe6 24. Rh7+ Kf8 25. Rxb7 Rxd4 26. Rxa7 Rxg4 27. Bh3 Re4 28. Ra4 c5 29. c3 Re2+ 30. Kc1 Rc2+ 0-1